Central Library OPAC University of Rajshahi

The drama of money making : (Record no. 45823)

MARC details
000 -LEADER
fixed length control field 00736nam a2200229 a 4500
001 - CONTROL NUMBER
control field 45823
003 - CONTROL NUMBER IDENTIFIER
rucl marc code BD-RjUL
005 - DATE AND TIME OF LATEST TRANSACTION
control field 20211209054055.0
008 - FIXED-LENGTH DATA ELEMENTS--GENERAL INFORMATION
fixed length control field 160728s1931 enkc b 000 0 eng d
035 ## - SYSTEM CONTROL NUMBER
System control number (BD-RjUL)45941
040 ## - CATALOGING SOURCE
Original cataloging agency DLC
Transcribing agency FDA
Modifying agency FDA
-- EQO
-- BD-RjUL
Language of cataloging eng
041 ## - LANGUAGE CODE
Language code of text/sound track or separate title eng
082 ## - DEWEY DECIMAL CLASSIFICATION NUMBER
Classification number 332.6109421
Edition number 23
Author mark and year MED 1931
100 1# - MAIN ENTRY--PERSONAL NAME
Personal name Meredith, Hubert A.
9 (RLIN) 140145
245 14 - TITLE STATEMENT
Title The drama of money making :
Remainder of title tragedy and comedy of the London Stock Exchange /
Statement of responsibility, etc. by Hubert A. Meredith
260 ## - PUBLICATION, DISTRIBUTION, ETC. (IMPRINT)
Place of publication, distribution, etc. London :
Name of publisher, distributor, etc. S. Low, Marston & co., ltd,
Date of publication, distribution, etc. 1931
300 ## - PHYSICAL DESCRIPTION
Pagination vi, 314 p. :
Illustrations ill. ;
Size 25 cm.
504 ## - BIBLIOGRAPHY, ETC. NOTE
Bibliography, etc Bibliography: p. 313-314
610 20 - SUBJECT ADDED ENTRY--CORPORATE NAME
Corporate name or jurisdiction name as entry element Stock Exchange (London, England)
942 ## - ADDED ENTRY ELEMENTS (KOHA)
Source of classification or shelving scheme Dewey Decimal Classification
Koha item type Books
Holdings
Lost status Source of classification or shelving scheme Damaged status Not for loan Collection code Permanent Location Current Location Shelving location Date acquired Source of acquisition Cost, normal purchase price Total Checkouts Full call number Date last seen Copy number Koha item type
  Dewey Decimal Classification     Non-fiction Central Library, University of Rajshahi Central Library, University of Rajshahi   26/08/1961 A.I. Qurishi, Korachi 10.60   332.6109421 MED 1931 28/07/2016 C-2 Books